[Event "GER-chT Christmas U16 Steinitz"]
[Site "Playchess.com INT"]
[Date "2020.12.28"]
[Round "5.4"]
[White "Abele, Moritz"]
[Black "Neumeier, Leonhard"]
[Result "0-1"]
[WhiteElo "766"]
[BlackElo "1028"]
[PlyCount "44"]
[EventDate "2020.12.28"]
[EventType "team-swiss (blitz)"]
[EventRounds "7"]
[EventCountry "GER"]
[SourceTitle "CBM 200 Extra"]
[Source "ChessBase"]
[SourceDate "2021.03.31"]
[SourceVersion "1"]
[SourceVersionDate "2021.03.31"]
[SourceQuality "1"]
[WhiteTeam "Spraitbach"]
[BlackTeam "Kelheim II"]
[WhiteTeamCountry "GER"]
[BlackTeamCountry "GER"]

1. e4 e5 2. Bc4 Nc6 3. Qf3 Nf6 4. Nh3 Bc5 5. Ng5 0-0 6. Nc3 d6 7. Nb5 Bg4 8. Qg3 Nxe4 9. Qd3 Nxg5 10. f3 Be6 11. Bxe6 Nxe6 12. Qb3 Qh4+ 13. g3 Qf6 14. f4 exf4 15. gxf4 Qxf4 16. d3 Qf2+ 17. Kd1 Qf3+ 18. Ke1 Qxh1+ 19. Kd2 Ncd4 20. Nxd4 Nxd4 21. Qc3 Qg2+ 22. Kd1 Qe2# 0-1

[Event "GER-chT Christmas U16 Steinitz"]
[Site "Playchess.com INT"]
[Date "2020.12.28"]
[Round "2.4"]
[White "Weidenhoefer, Ben"]
[Black "Abele, Moritz"]
[Result "1-0"]
[WhiteElo "954"]
[BlackElo "766"]
[PlyCount "65"]
[EventDate "2020.12.28"]
[EventType "team-swiss (blitz)"]
[EventRounds "7"]
[EventCountry "GER"]
[SourceTitle "CBM 200 Extra"]
[Source "ChessBase"]
[SourceDate "2021.03.31"]
[SourceVersion "1"]
[SourceVersionDate "2021.03.31"]
[SourceQuality "1"]
[WhiteTeam "Varrel"]
[BlackTeam "Spraitbach"]
[WhiteTeamCountry "GER"]
[BlackTeamCountry "GER"]

1. d4 e5 2. e3 Nc6 3. Nf3 Nf6 4. Bb5 Nb4 5. 0-0 c6 6. Ba4 d6 7. dxe5 dxe5 8. Qxd8+ Kxd8 9. Nxe5 Be6 10. Rd1+ Ke8 11. c3 Nbd5 12. Bb3 Nb6 13. Bxe6 fxe6 14. f3 Bc5 15. b4 Be7 16. e4 c5 17. Ba3 cxb4 18. Bxb4 Bxb4 19. cxb4 Rf8 20. Nc3 Rc8 21. Nb5 Na4 22. Nd6+ Kd8 23. Nxc8+ Kxc8 24. Rac1+ Kb8 25. Nd7+ Nxd7 26. Rxd7 Nb6 27. Rxg7 Rh8 28. Rcc7 h5 29. Rxb7+ Kc8 30. Rxa7 Nc4 31. Rac7+ Kd8 32. Rxc4 Ke8 33. Rc8# 1-0